000 00671nam a2200289Ia 4500
005 20260324150051.0
008 008 260324s9999 xx 000 0 eng d
020 _a9781003457275
037 _aEBOOK
040 _aCRL
040 _beng
040 _cCRL
041 _2eng
041 _aeng
084 _qCRL
100 _aMichael Beesley
_91207377
245 0 _aProductivity and Amenity
245 0 _bAchieving a Social Balance
260 _bTaylor and Francis
260 _c1974
365 _a
365 _b150
856 _uhttp://www.taylorfrancis.com/books/9781003457275
942 _cEBOOK
999 _c1833978
_d1833978